| 000 | 00560nam a22001697a 4500 | ||
|---|---|---|---|
| 003 | OSt | ||
| 008 | 260624b |||||||| |||| 00| 0 eng d | ||
| 020 | _a9789388892292 | ||
| 082 |
_a305.42 _bB11W |
||
| 100 | _aB. S., Swetha | ||
| 245 | _aWomen Empowerment through Capacity Building / by Swetha B. S. and Itigi Prabhakar | ||
| 260 |
_aNew Delhi: _bInternational Books & Periodicals Supply Service, _c2020. |
||
| 300 | _axvii, 153 p. | ||
| 650 | _aSocial Sciences | Women | Empowerment | Women's Movements | ||
| 700 | _aPrabhakar, Itigi | ||
| 942 |
_2ddc _cBK |
||
| 999 |
_c52277 _d52277 |
||